Migración y política: las deudas pendientes
Guardado en:
| Format: | Texto |
|---|---|
| Fag: | |
| Tags: |
Tilføj Tag
Ingen Tags, Vær først til at tagge denne postø!
|
MARC
| LEADER | 00000 a a2200000 04500 | ||
|---|---|---|---|
| 001 | 6788 | ||
| 003 | |||
| 040 | |||
| 245 | |a Migración y política: |b las deudas pendientes | ||
| 650 | |a MIGRANTES | ||
| 650 | |a NACIONALIDAD | ||
| 650 | |a PARTICIPACION SOCIAL | ||
| 650 | |a INCLUSION SOCIAL | ||
| 650 | |a EL SALVADOR | ||
| 773 | |g volumen 27, número 1214; páginas 4-6 | ||
| 999 | |c 39666 |d 39666 | ||
